| 000 | 00519nab a22001457 4500 | ||
|---|---|---|---|
| 003 | ES-SlBCS | ||
| 005 | 20210327224030.0 | ||
| 008 | 140521s2014 sp ||||| |||| 00| 0 spa d | ||
| 040 |
_aES-SlBC _bspa |
||
| 041 | _aspa | ||
| 100 | 1 |
_aClooney, Francis X. _947549 |
|
| 245 | 1 | 0 |
_aA favor de la ortodoxia. Los argumentos filosóficos de los jesuitas contra la reencarnación en la Asia de los siglos XVI-XVIII _cFrancis X, Clooney |
| 773 | 0 |
_gNúm. 355, 2014, págs. 137-148 _tConcilium _wRev134 _x0210-1041 |
|
| 942 |
_2lcc _cAR |
||
| 999 |
_c454029 _d454029 |
||